Statistics for SAT Words Impossible Click Quiz - D

Click here to take the quiz!

General Stats

  • This quiz has been taken 84 times
  • The average score is 10 of 18

Answer Stats

HintAnswer% Correct
Wandering spirit in Jewish folkloreDybbuk
79%
Important statement; or, maximDictum
74%
Uproot; pull outDeracinate
72%
Purposeful departure from the set courseDivagation
70%
Excessive craving for alcoholDipsomania
66%
In a disheveled state; in disarrayDishabille
66%
Thing that is desired or requiredDesiderata
62%
WorkhorseDobbin
62%
Rock or sway gentlyDandle
58%
Repetition of the same words; a double readingDittology
57%
Doubt, uncertaintyDubitation
55%
Land of a manor or an estateDemesne
49%
Woman supported by a wealthy loverDemimondaine
45%
Disuse, neglectDesuetude
42%
Floozy, mistress, or wenchDoxy
38%
Curtain hung behind an altarDossal
26%
Prepare; make readyDight
23%
Relating to women or female activitiesDistaff
21%

Score Distribution

Percentile by Number Answered

Percent of People with Each Score

Your Score History

You have not taken this quiz